101 thắc mắc cơ bản nuôi heo hướng nạc

Nội dung sách giới thiệu kỹ thuật nuôi heo lấy nạc, phương pháp chọn heo giống và cách phòng trị bệnh cho heo

Wedi'i Gadw mewn:
Manylion Llyfryddiaeth
Prif Awdur: Việt Chương
Fformat: Llyfr
Iaith:Undetermined
Cyhoeddwyd: Hà Nội Mỹ thuật 2010
Pynciau:
Tagiau: Ychwanegu Tag
Dim Tagiau, Byddwch y cyntaf i dagio'r cofnod hwn!
Thư viện lưu trữ: Trung tâm Học liệu Trường Đại học Cần Thơ
LEADER 00749nam a2200217Ia 4500
001 CTU_180763
008 210402s9999 xx 000 0 und d
020 |c 15000 
082 |a 636.4 
082 |b V308 
100 |a Việt Chương 
245 0 |a 101 thắc mắc cơ bản nuôi heo hướng nạc 
245 0 |c Việt Chương 
260 |a Hà Nội 
260 |b Mỹ thuật 
260 |c 2010 
520 |a Nội dung sách giới thiệu kỹ thuật nuôi heo lấy nạc, phương pháp chọn heo giống và cách phòng trị bệnh cho heo 
650 |a Swine,Heo 
650 |x Breeding,Chăn nuôi 
904 |i Tuyến 
980 |a Trung tâm Học liệu Trường Đại học Cần Thơ